Влияние технической поддержки программного продукта на жизненный цикл ЛИУС "Химик-аналитик"; Современная лабораторная практика; № 1 (17)

Bibliographic Details
Parent link:Современная лабораторная практика.— , 2008-
№ 1 (17).— 2012.— С. 32-39
Other Authors: Сафьянов А. С. Александр Сергеевич, Терещенко А. Г. Анатолий Георгиевич, Черникова Н. В., Щелканов С. В. Сергей Владимирович, Юнак А. Л. Александр Львович
Summary:В фонде НТБ ТПУ отсутствует
Language:Russian
Published: 2012
Subjects:
Format: Book Chapter
KOHA link:https://koha.lib.tpu.ru/cgi-bin/koha/opac-detail.pl?biblionumber=599554

MARC

LEADER 00000naa0a2200000 4500
001 599554
005 20250410130713.0
035 |a (RuTPU)RU\TPU\tpu\23640 
035 |a RU\TPU\tpu\23639 
090 |a 599554 
100 |a 20130916d2012 k||y0rusy50 ca 
101 0 |a rus 
102 |a RU 
200 1 |a Влияние технической поддержки программного продукта на жизненный цикл ЛИУС "Химик-аналитик"  |f А. С. Сафьянов [и др.] 
333 |a В фонде НТБ ТПУ отсутствует 
461 |t Современная лабораторная практика  |d 2008- 
463 |t № 1 (17)  |v С. 32-39  |d 2012 
610 1 |a труды учёных ТПУ 
701 1 |a Сафьянов  |b А. С.  |c ведущий специалист лаборатории № 7 НИИ ВН ТПУ  |g Александр Сергеевич  |3 (RuTPU)RU\TPU\pers\26497  |4 070 
701 1 |a Терещенко  |b А. Г.  |c химик-технолог  |c заведующий лабораторией Томского политехнического университета, кандидат технических наук  |f 1946-  |g Анатолий Георгиевич  |3 (RuTPU)RU\TPU\pers\25305  |4 070  |9 11303 
701 1 |a Черникова  |b Н. В. 
701 1 |a Щелканов  |b С. В.  |c специалист в области проектирования и разработки корпоративных информационных систем  |c инженер-программист Томского политехнического университета, аспирант  |f 1985-  |g Сергей Владимирович  |3 (RuTPU)RU\TPU\pers\27094  |4 070 
701 1 |a Юнак  |b А. Л.  |c специалист в области информатики и вычислительной техники  |c ведущий программист Томского политехнического университета  |f 1946-  |g Александр Львович  |3 (RuTPU)RU\TPU\pers\26496  |4 070 
801 1 |a RU  |b 63413507  |c 20130904 
801 2 |a RU  |b 63413507  |c 20130916  |g RCR 
942 |c CR